02213cam a2200433 a 450000100090000000300090000900500170001800800410003502000150007604000330009108200230012410000360014724500910018325000230027426400430029730000700034050002150041050400730062550505530069852600090125152600090126052600090126952600090127852600090128752600090129652600080130552600080131352600080132152600080132952600080133752600080134560000400135365000370139365100440143094200150147498000980148999900170158795201750160424666650PE-LiUPU20250731184611.0911009s1992 nyuab b 001 0aeng  a0671865412 aDLCcEXNdPE-LiUPUbspaerda00a916.304223bH234s1 aHancock, Graham.d1950-eAutor.14aThe sign and the seal :bthe quest for the lost Ark of the Covenant /cGraham Hancock. aPrimera Edición. aNew York :bA Toouchstone Book,c1992. aviii, 600 páginas :bilustraciones, mapas ;c25 centímetros. aEn cubierta: "As readable as a first-class detective story..." The sign and the seal, discover the most shattering historiacal secret of the last three thousand years-the quest for the lost ark of the covenant. aIncluye referencias bibliográficas páginas (517-288) e índice. aLEGEND: Initiation -- Disenchantment -- HOLY ARK AND HOLY GRAIL: The grail cipher -- A map to hidden treasure -- White knights, dark continent -- Resolving doubts -- A secret and never-ending quest -- LABYRINTH: Into Ethiopia -- Sacred lake -- Ghost in a maze -- and David danced before the ark...-- A MONSTROUS INSTRUMENT: Magic... or method? -- Treasures of darkness -- WHERE IN THE GLORY?: The glory is departed from Israel -- Hidden history -- Door of the Southern countries -- THE WASTE LAND: Supping with devils -- A treasure hard to attain. aP136 aP135 aP134 aP133 aP144 aP143 aP87 aP35 aP20 aP14 aP10 aP0610aHancock, GrahamxViajeszEtiopía. 0aArca del pactoxMiscelanea91653 0aEtiopíaxDescripciones y viajes91654 2ddccBKn0 621515aDIGNA BRAÑES Analista Documental81gALBERTO SANCHEZ Responsable de Automatización c61926d61926 r2025-12-03 00:00:00l0o916.304 H234sp81551te1v18.39w2023-07-13xUNKNOWNyBKzinventario-2023-12-13102ddc50708GENfUNKNOWNaBULbBULcGENd2019-07-15eDonación